[Event "Girona Territorial-ch"]
[Site "Girona"]
[Date "2014.10.19"]
[Round "3"]
[White "Pinsach Gelabert, Alexandre"]
[Black "Mogro Flores, Simon"]
[Result "1-0"]
[WhiteElo "2302"]
[BlackElo "2159"]
[PlyCount "73"]
[EventDate "2014.10.05"]
[EventType "swiss"]
[EventRounds "9"]
[EventCountry "CAT"]
[SourceTitle "CBM 163 Extra"]
[Source "ChessBase"]
[SourceDate "2014.12.23"]
[SourceVersion "1"]
[SourceVersionDate "2014.12.23"]
[SourceQuality "1"]

1. e4 b6 2. d4 e6 3. Nf3 Bb7 4. Bd3 Nf6 5. Nbd2 Be7 6. 0-0 d5 7. e5 Nfd7 8. c3 Ba6 9. Bxa6 Nxa6 10. Qe2 Nab8 11. Re1 c5 12. Nf1 Nc6 13. g3 Rc8 14. h4 h6 15. Ne3 cxd4 16. cxd4 Na5 17. Nh2 Rc7 18. Qg4 g6 19. h5 Nf8 20. Bd2 Nc4 21. Nxc4 Rxc4 22. Nf3 g5 23. Rac1 Qc7 24. b3 Rc2 25. Red1 Ba3 26. Rxc2 Qxc2 27. Ne1 Qxa2 28. Qf3 Be7 29. Qc3 Qa6 30. Qc6+ Nd7 31. Rc1 Bd8 32. Bb4 g4 33. Qa8 Qb5 34. Rc8 Qxb4 35. Rxd8+ Ke7 36. Rxh8 Qxe1+ 37. Kg2 1-0

[Event "Figueres op-B 13th"]
[Site "Figueres"]
[Date "2012.08.15"]
[Round "8"]
[White "Castrillon Otero, Javier"]
[Black "Mogro Flores, Simon"]
[Result "0-1"]
[WhiteElo "1889"]
[BlackElo "1992"]
[PlyCount "124"]
[EventDate "2012.08.09"]
[EventType "swiss"]
[EventRounds "9"]
[EventCountry "ESP"]
[SourceTitle "EXT 2017"]
[Source "ChessBase"]
[SourceDate "2016.10.25"]
[SourceVersion "1"]
[SourceVersionDate "2016.10.25"]
[SourceQuality "1"]

1. d4 Nf6 2. Nf3 g6 3. c4 Bg7 4. Nc3 d5 5. Bg5 c6 6. e3 0-0 7. Qb3 dxc4 8. Bxc4 Nbd7 9. 0-0 Qb6 10. Rad1 e6 11. Rfe1 Nd5 12. Ne4 h6 13. Bh4 g5 14. Bg3 N7f6 15. Nc5 Nh5 16. Be5 f6 17. Bd6 Rd8 18. Bxd5 exd5 19. Qxb6 axb6 20. Bc7 Re8 21. Bxb6 Rxa2 22. b3 Bf8 23. Ra1 Rb2 24. Reb1 Rxb1+ 25. Rxb1 Bf5 26. Ra1 Bxc5 27. Bxc5 Bd3 28. Ne1 Ba6 29. h4 Kf7 30. Nc2 Rd8 31. Nb4 Bb5 32. Ra7 Rd7 33. Ra8 Ng7 34. Na2 Ne6 35. Bb6 f5 36. hxg5 hxg5 37. Nc3 Bd3 38. Na4 f4 39. Rh8 fxe3 40. fxe3 Bc2 41. Rh6 Re7 42. Bc5 Re8 43. Nb6 Nxc5 44. dxc5 Rxe3 45. b4 Rb3 46. Rd6 Bf5 47. Rd8 Rxb4 48. Rb8 Rb5 49. Rxb7+ Kg6 50. Kf2 Rxc5 51. Na4 Ra5 52. Nb2 Ra2 53. Rb6 Kh5 54. Ke3 c5 55. Rb5 Be4 56. g3 Ra3+ 57. Kf2 Rf3+ 58. Ke2 Rxg3 59. Nd1 Bd3+ 60. Kf2 Bxb5 61. Kxg3 d4 62. Kf3 Bc6+ 0-1

[Event "Figueres op-B 13th"]
[Site "Figueres"]
[Date "2012.08.09"]
[Round "1"]
[White "Suita Rodriguez, Natalia"]
[Black "Mogro Flores, Simon"]
[Result "0-1"]
[WhiteElo "1583"]
[BlackElo "1992"]
[PlyCount "40"]
[EventDate "2012.08.09"]
[EventType "swiss"]
[EventRounds "9"]
[EventCountry "ESP"]
[SourceTitle "EXT 2017"]
[Source "ChessBase"]
[SourceDate "2016.10.25"]
[SourceVersion "1"]
[SourceVersionDate "2016.10.25"]
[SourceQuality "1"]

1. d4 Nf6 2. c4 g6 3. Nf3 Bg7 4. Nc3 d5 5. e3 0-0 6. Bd3 c5 7. 0-0 dxc4 8. Bxc4 cxd4 9. Nxd4 a6 10. Qb3 e5 11. Nc2 Nc6 12. Rd1 Qc7 13. Be2 Be6 14. Qa3 Rfd8 15. Bd2 Bf8 16. Qa4 b5 17. Qh4 Be7 18. Qg3 b4 19. Na4 Rxd2 20. Rxd2 Ne4 0-1

[Event "Benidorm op U2000 08th"]
[Site "Benidorm"]
[Date "2009.12.05"]
[Round "8"]
[White "Mogro Flores, Simon"]
[Black "De la Fuente Ortega, Alberto"]
[Result "1-0"]
[WhiteElo "1959"]
[BlackElo "1800"]
[PlyCount "46"]
[EventDate "2009.11.28"]
[EventType "swiss"]
[EventRounds "10"]
[EventCountry "ESP"]
[SourceTitle "CBM 133 Extra"]
[Source "ChessBase"]
[SourceDate "2010.01.05"]
[SourceVersion "1"]
[SourceVersionDate "2010.01.05"]
[SourceQuality "1"]

1. e4 c5 2. Nf3 Nc6 3. d4 cxd4 4. Nxd4 a6 5. Bc4 e6 6. 0-0 Qc7 7. Be3 b5 8. Be2 Bb7 9. a4 b4 10. c3 Nf6 11. f3 bxc3 12. Nxc3 Bc5 13. Kh1 0-0 14. Nxe6 dxe6 15. Bxc5 Rfd8 16. Qb3 Nd7 17. Be3 Na5 18. Qa2 Nb6 19. Rac1 Bc6 20. b4 Nb7 21. b5 axb5 22. Nxb5 Rxa4 23. Qxa4 Nxa4 1-0